| 000 | 00754cam a22002417a 4500 | ||
|---|---|---|---|
| 003 | MX-MxUPN | ||
| 005 | 20260424151925.0 | ||
| 008 | 260326s1995 mx| |||dr|||| 000 0 spa d | ||
| 020 | _a9706250964 | ||
| 040 |
_aMX-MxUPN _bspa |
||
| 041 | 0 | _aspa | |
| 050 | 4 |
_aLB1645 M61 _bC35 1995 |
|
| 100 | 1 |
_aCareaga, María Luisa _959367 |
|
| 100 | 1 |
_aCos y Soto, Margarita _959368 |
|
| 245 | 1 | 4 |
_aLas matemáticas en tus manos : _bprimer curso |
| 260 |
_aMéxico, D.F. : _bIberoamérica, _cc1995. |
||
| 300 | _a220 páginas | ||
| 650 | 4 |
_aMatemáticas _xEstudio y enseñanza (Secundaria) _94860 |
|
| 650 | 4 |
_aMatemáticas _vLibros de texto _919875 |
|
| 902 |
_aMarielOrtiz/260326 _bVíctorGodínez/240426 |
||
| 942 |
_2lcc _cLIBRO |
||
| 999 |
_c214895 _d214895 |
||